| Tag |
First Indicator |
Second Indicator |
Subfields |
| LEADER |
00000cam a2200000Ii 4500 |
| 001 |
in00003774531 |
| 005 |
20160616140847.0 |
| 008 |
160520t20112011txua 001 0 eng d |
| 035 |
|
|
|a (OCoLC)ocn950005990
|
| 040 |
|
|
|a TXA
|b eng
|e rda
|c TXA
|
| 020 |
|
|
|a 9781603442886
|q (hc-trade cloth ;
|q alk. paper)
|
| 020 |
|
|
|a 160344288X
|q (hc-trade cloth ;
|q alk. paper)
|
| 020 |
|
|
|z 9781603443838
|q (e-book)
|
| 020 |
|
|
|q 1603443835
|q (e-book)
|
| 035 |
|
|
|a (OCoLC)950005990
|
| 043 |
|
|
|a n-us-tx
|
| 050 |
|
4 |
|a HV555.U62
|b T4135 2011b
|
| 049 |
|
|
|a TXAM
|
| 100 |
1 |
|
|a Force, Bud,
|d 1979-
|e author.
|
| 245 |
1 |
0 |
|a Texas Task Force 1 :
|b urban search & rescue /
|c Bud Force ; foreword by G. Kemble Bennett.
|
| 246 |
3 |
|
|a Texas Task Force 1 :
|b urban search and rescue
|
| 246 |
3 |
|
|a Texas Task Force One
|
| 250 |
|
|
|a Limited edition.
|
| 250 |
|
|
|a First edition.
|
| 264 |
|
1 |
|a College Station :
|b Texas A & M University Press,
|c [2011]
|
| 264 |
|
4 |
|c ©2011
|
| 300 |
|
|
|a x, 143 pages :
|b color illustrations ;
|c 24 cm
|
| 336 |
|
|
|a text
|b txt
|2 rdacontent
|
| 337 |
|
|
|a unmediated
|b n
|2 rdamedia
|
| 338 |
|
|
|a volume
|b nc
|2 rdacarrier
|
| 500 |
|
|
|a Includes index.
|
| 500 |
|
|
|a Issued in slip case.
|
| 500 |
|
|
|a "This limited edition has been specially bound and signed by the author. It is being presented to you with gratitude from the men and women of Texas Task Force 1."--Page before title page.
|
| 505 |
0 |
|
|a History and overview -- Training -- Equipment -- Responders -- Canines -- Disasters.
|
| 520 |
|
|
|a Photographer Bud Force gives us an intimate picture of Texas Task Force 1 at work as he follows the team on their major deployments and documents their specialized equipment and training, including time spent at the unique facility known as Disaster City.
|
| 500 |
|
|
|a The Cushing Library/Texas A&M Coll. copy is unsigned.
|
| 541 |
0 |
|
|a Donated by Brian Blake
|d 20140310
|
| 610 |
2 |
0 |
|a Texas Task Force 1.
|
| 650 |
|
0 |
|a Disaster relief
|z Texas.
|
| 650 |
|
0 |
|a Emergency management
|z Texas.
|
| 650 |
|
0 |
|a Search and rescue operations
|z Texas.
|
| 650 |
|
0 |
|a Rescue dogs
|z Texas.
|
| 994 |
|
|
|a C0
|b TXA
|
| 948 |
|
|
|a cataloged
|b h
|c 2016/5/20
|d o
|e nbehmer
|f 8:44:57 am
|
| 999 |
f |
f |
|s 095ab686-a353-33b3-b1e2-25d93579f196
|i 3d0463d5-a87c-3d7d-996e-519754250b18
|t 0
|
| 952 |
f |
f |
|p noncirc
|a Texas A&M University
|b College Station
|c Cushing Memorial Library & Archives
|d Cushing: Texas A&M (Does not check out)
|t 0
|e HV555.U62 T4135 2011b
|h Library of Congress classification
|i unmediated -- volume
|
| 998 |
f |
f |
|a HV555.U62 T4135 2011b
|t 0
|l Cushing: Texas A&M (Does not check out)
|